Theory of Elasticity (Record no. 820)
[ view plain ]
| 000 -LEADER | |
|---|---|
| fixed length control field | 00299 a2200109 4500 |
| 082 ## - DEWEY DECIMAL CLASSIFICATION NUMBER | |
| Classification number | 620.1123 TIM |
| 100 ## - MAIN ENTRY--PERSONAL NAME | |
| Personal name | Timoshenko, S. |
| 245 ## - TITLE STATEMENT | |
| Title | Theory of Elasticity |
| Statement of responsibility, etc. | S. Timoshenko, J. N. Goodier |
| 250 ## - EDITION STATEMENT | |
| Edition statement | 2nd ed. |
| 260 ## - PUBLICATION, DISTRIBUTION, ETC. | |
| Place of publication, distribution, etc. | New York : |
| Name of publisher, distributor, etc. | Mc Graw Hill, |
| Date of publication, distribution, etc. | 1951 |
| 300 ## - PHYSICAL DESCRIPTION | |
| Extent | xviii, 506p. : |
| Other physical details | ill . ; |
| Dimensions | 23 cm |
| 650 ## - SUBJECT ADDED ENTRY--TOPICAL TERM | |
| Topical term or geographic name entry element | Elasticity |
| Withdrawn status | Lost status | Damaged status | Not for loan | Permanent Location | Current Location | Shelving location | Date acquired | Total Checkouts | Full call number | Barcode | Date last seen | Price effective from | Koha item type | Total Renewals | Date last checked out |
|---|---|---|---|---|---|---|---|---|---|---|---|---|---|---|---|
| School of Civil and Environmental Engineering (SCEE) | School of Civil and Environmental Engineering (SCEE) | 620.1123 TIM | NIT-835 | 01/05/2017 | 01/05/2017 | Book | |||||||||
| School of Civil and Environmental Engineering (SCEE) | School of Civil and Environmental Engineering (SCEE) | 3 | NIT-734 | 01/10/2024 | 01/05/2017 | Book | 2 | 01/02/2024 |
